le XVIIIe siècle en 20 dates - Statistiques

Statistiques générales
  • Ce quiz a été pris 119 fois
  • Le résultat moyen est 9 sur 20
Statistiques - réponses
évenements dates % Correct
Prise de la Bastille 1789
94%
exécution publique de Louis XVI 1793
89%
mort de Louis XIV 1715
82%
déclaration d'indépendance des États-Unis 1776
81%
coup d'état de Napoléon Bonaparte 1799
79%
exécution publique de Robespierre 1794
62%
Boston Tea Party 1773
56%
guerre de Sept Ans (début-fin) 1756-1763
50%
Bataille de Yorktown 1781
42%
machine à vapeur de James Watt 1769
30%
1er volume de l'encyclopédie de Diderot 1751
29%
guerre de Succession d'Espagne (début-fin) 1701-1714
26%
traité de Versailles 1783
26%
guerre de Succession d'Autriche (début-fin) 1740-1748
24%
début du règne de Catherine II 1762
24%
colonisation de l'Australie 1788
21%
tremblement de terre de Lisbonne 1755
18%
premier vaccin 1796
15%
mort de Barbe noire 1718
14%
instauration de la dynastie Qing en Chine 1760
12%
Aucun quiz correspondant
Distribution des résultats
% des personnes avec chaque résultat
Percentile par nombre de réponses
Votre historique - résultats
Vous n’avez pas pris ce quiz